000 00877nmm a2200313 a 4500
003 AR-BaBNM
005 20251128211305.0
008 113120s2002 ||||||||||||||000 | spa||
020 _a987-96776-5-X
040 _cAR-BaBNM
100 1 _aArella, Felipe Rodolfo
245 1 0 _aJuan B. Justo
_bel hombre que soñó con la ética y la equidad social
260 _aBuenos Aires
_bColegio de Graduados en Cooperativismo y Mutualismo
_c2002
300 0 _a77 p.
600 1 4 _aJusto, Juan B.
650 4 _aBIOGRAFIAS
650 4 _aHISTORIA POLITICA ARGENTINA
650 4 _aPOLITICA ARGENTINA
650 4 _aSOCIALISMO
650 4 _aSOCIALISTAS
650 4 _aETICA POLITICA
650 4 _aETICA SOCIAL
650 4 _aIGUALDAD DE OPORTUNIDADES
651 4 _aArgentina
655 _aBIOGRAFIAS
700 1 _aIacovino, Hugo Horacio
942 _cBK
998 _cMariana
999 _c19023
_d19023